Guess the Los Angeles Clippers by Picture - Hard - Statistics

General Stats
  • This quiz has been taken 10 times
  • The average score is 7 of 20
Answer Stats
Picture Answer % Correct
Marcus Morris
75%
Nicolas Batum
75%
Rajon Rondo
75%
Darius Morris
63%
Ronny Turiaf
63%
Antawn Jamison
50%
Landry Shamet
50%
Danilo Gallinari
38%
Isaiah Hartenstein
38%
Ricky Davis
38%
Ryan Hollins
38%
Jordan Farmar
25%
Willie Green
25%
Brandon Bass
13%
C.J. Wilcox
13%
Keon Johnson
13%
Rasual Butler
13%
Daniel Oturu
0%
Jeff Ayres
0%
Xavier Moon
0%
No matching quizzes found
Score Distribution
Percent of People with Each Score
Percentile by Number Answered
Your Score History
You have not taken this quiz